000 01052nmc a2200373 a 4500
003 AR-BaBNM
005 20251128204316.0
008 011101s1991 ||||||||||||||000 | spa||
020 _a950-581-634-0
040 _cAR-BaBNM
100 1 _aDevetach, Laura
245 1 0 _aOficio de palabrera
_bliteratura para chicos y vida cotidiana
260 _aBuenos Aires
_bColihue
_c1991
300 0 _a125 p.
490 0 _aNuevos caminos
500 0 _aContiene introducción
650 4 _aLITERATURA INFANTIL
650 4 _aLIBROS PARA NINOS
650 4 _aPROMOCION DE LA LECTURA
650 4 _aHABITO DE LECTURA
650 4 _aENSENANZA DE LA LECTURA
650 4 _aLECTURA
650 4 _aMATERIAL DE LECTURA
650 4 _aLITERATURA
650 4 _aAPRECIACION LITERARIA
650 4 _aINICIACION EN LA LECTURA
650 4 _aACTIVIDADES DE APRENDIZAJE
650 4 _aDESARROLLO DE LA CREATIVIDAD
650 4 _aEDUCACION ARTISTICA
653 0 _aEDUCACION PRIMARIA
700 1 _aRobledo, Lucía
_eprologuista
942 _cBK
998 _claura
999 _c6969
_d6969